00370cam a22001332 4500001001100000005001700011008004100028020001700069040001500086100003300101245004600134260004600180300001000226000002517920151217145953.0150213s xx 000 0 eng d a0237514346 : aKABUcKABU1 aWilliams, Aidan.@000018563810aRevising the concubine. :ba study guide. aNairobi :bEvans Brothers Limited,c1993. a73 p.